000 00418ntaaa2200169 4500
003 01
005 20251027201923.0
008 0714s1973 ag 01
040 _aAR-BaBN
_bspa
_cAR-BaBN
_eaacr
_dRIC
082 _a244.2100 G58h
100 _aGonzález, José
_917752
245 _aLas hojas secas
250 _a1 ed.
260 _aKansas City :
_bCasa Nazarena de Publicaciones,
_c1975
300 _a77 p.
942 _cBK
999 _c13932
_d13932